Application of vegetation science to forestry (Record no. 38854)

MARC details
000 -LEADER
fixed length control field 00364nam a2200133Ia 4500
082 ## - DEWEY DECIMAL CLASSIFICATION NUMBER
Classification number 581.5:630
Item number JAH
245 #0 - TITLE STATEMENT
Title Application of vegetation science to forestry
260 ## - PUBLICATION, DISTRIBUTION, ETC. (IMPRINT)
Place of publication London
Name of publisher Dr W Junk
Year of publication 1982
490 ## - SERIES STATEMENT
Series statement Handbook of vegetation science; pt 2
650 ## - SUBJECT ADDED ENTRY--TOPICAL TERM
Topical Term Vegetation
700 ## - ADDED ENTRY--PERSONAL NAME
Personal name JAHN, G
942 ## - ADDED ENTRY ELEMENTS (KOHA)
Koha item type Books
Holdings
Withdrawn status Lost status Damaged status Not for loan Home library Current library Date acquired Full call number Accession Number Koha item type
        RRII Library RRII Library 16/12/2021 581.5:630 JAH 19205 Books